000 00484nam a2200157 i 4500
001 66223
003 ES-MaACL
005 20230906165554.0
007 t|
008 040129s1947 sp ||||1| spa d
100 1 _aGalán Gutiérrez, Eustaquio.
_953314
245 1 0 _aIntroducción al estudio de la filosofía jurídica /
_cEustaquio Galán y Gutiérrez.
260 _aMadrid :
_b[s.n.],
_c1947 (
_fGutiérrez)
300 _aL, 668 p. ;
_c22 cm.
852 _aES-MaACL
_jC-4802
_bR.25162
999 _c66223
_d66223